<?xml version="1.0" encoding="UTF-8"?>
<collection xmlns="http://www.loc.gov/MARC21/slim">
<record>
  <controlfield tag="001">136171</controlfield>
  <controlfield tag="005">20241220120716.0</controlfield>
  <datafield tag="024" ind1="8" ind2=" ">
    <subfield code="2">sideral</subfield>
    <subfield code="a">139095</subfield>
  </datafield>
  <datafield tag="037" ind1=" " ind2=" ">
    <subfield code="a">ART-2024-139095</subfield>
  </datafield>
  <datafield tag="041" ind1=" " ind2=" ">
    <subfield code="a">spa</subfield>
  </datafield>
  <datafield tag="100" ind1=" " ind2=" ">
    <subfield code="a">Pueyo Anchuela, Óscar</subfield>
    <subfield code="u">Universidad de Zaragoza</subfield>
    <subfield code="0">(orcid)0000-0002-2247-0826</subfield>
  </datafield>
  <datafield tag="245" ind1=" " ind2=" ">
    <subfield code="a">Sobre la conceptualización del karst. De disolver materiales a la comprensión 3D de la estructura geológica y las anisotropías de permeabilidad</subfield>
  </datafield>
  <datafield tag="260" ind1=" " ind2=" ">
    <subfield code="c">2024</subfield>
  </datafield>
  <datafield tag="506" ind1="0" ind2=" ">
    <subfield code="a">Access copy available to the general public</subfield>
    <subfield code="f">Unrestricted</subfield>
  </datafield>
  <datafield tag="520" ind1="3" ind2=" ">
    <subfield code="a">La conceptualización del karst a través del proceso de disolución permite realizar análogos sencillos entre los procesos físico-químicos y las evidencias kársticas superficiales. Sin embargo, este enfoque a través de los procesos identificables en superficie (e.g. estructuras tipo karren) difieren de las variables y procesos asociados a la disolución de materiales en profundidad. La descriptiva geomorfológica superficial no puede explicarse únicamente a partir de un proceso de disolución en contacto. El origen del proceso requiere comprender la estructura geológica, las propiedades de las rocas involucradas, su textura, las características de las aguas y su movimiento. Es decir, el proceso de disolución requiere accesibilidad del agua subsaturada a los materiales susceptibles de ser disueltos. Sin embargo, la tipología, desarrollo y características de las formas generadas no puede generalizarse únicamente a partir del proceso físico-químico utilizado como aproximación. Este enfoque conduce a la generación de ideas alternativas asociadas a los procesos de disolución compartidas con los enfoques de ríos subterráneos. Además, en el karst, la propagación del proceso de disolución a superficie no es directa, sino que implica considerar las características y propiedades de la cobertera. Se propone una aproximación al estudio a través de una progresión relacionada con la conceptualización de la estructura geológica, el nivel freático y las anisotropías tanto de solubilidad como de permeabilidad para ejemplificar, entonces, la casuística de la disolución superficial como caso simplificado de la realidad geológica de la disolución y los procesos kársticos.</subfield>
  </datafield>
  <datafield tag="540" ind1=" " ind2=" ">
    <subfield code="9">info:eu-repo/semantics/openAccess</subfield>
    <subfield code="a">All rights reserved</subfield>
    <subfield code="u">http://www.europeana.eu/rights/rr-f/</subfield>
  </datafield>
  <datafield tag="655" ind1=" " ind2="4">
    <subfield code="a">info:eu-repo/semantics/conferenceObject</subfield>
    <subfield code="v">info:eu-repo/semantics/publishedVersion</subfield>
  </datafield>
  <datafield tag="700" ind1=" " ind2=" ">
    <subfield code="a">Martín García, Jorge</subfield>
    <subfield code="u">Universidad de Zaragoza</subfield>
    <subfield code="0">(orcid)0000-0002-1460-1590</subfield>
  </datafield>
  <datafield tag="710" ind1="2" ind2=" ">
    <subfield code="1">4013</subfield>
    <subfield code="2">205</subfield>
    <subfield code="a">Universidad de Zaragoza</subfield>
    <subfield code="b">Dpto. Didácticas Específicas</subfield>
    <subfield code="c">Área Didáctica Ciencias Exper.</subfield>
  </datafield>
  <datafield tag="773" ind1=" " ind2=" ">
    <subfield code="g">20 (2024), 549</subfield>
    <subfield code="p">Geotemas (Madr.)</subfield>
    <subfield code="t">Geotemas (Madrid)</subfield>
    <subfield code="x">1576-5172</subfield>
  </datafield>
  <datafield tag="856" ind1="4" ind2=" ">
    <subfield code="s">19278</subfield>
    <subfield code="u">http://zaguan.unizar.es/record/136171/files/texto_completo.pdf</subfield>
    <subfield code="y">Versión publicada</subfield>
  </datafield>
  <datafield tag="856" ind1="4" ind2=" ">
    <subfield code="s">2432179</subfield>
    <subfield code="u">http://zaguan.unizar.es/record/136171/files/texto_completo.jpg?subformat=icon</subfield>
    <subfield code="x">icon</subfield>
    <subfield code="y">Versión publicada</subfield>
  </datafield>
  <datafield tag="856" ind1="4" ind2="1">
    <subfield code="u">https://sociedadgeologica.org/publicaciones/geotemas/geo-temas-20/</subfield>
    <subfield code="z">Texto completo de la revista</subfield>
  </datafield>
  <datafield tag="909" ind1="C" ind2="O">
    <subfield code="o">oai:zaguan.unizar.es:136171</subfield>
    <subfield code="p">articulos</subfield>
    <subfield code="p">driver</subfield>
  </datafield>
  <datafield tag="951" ind1=" " ind2=" ">
    <subfield code="a">2024-12-20-12:05:31</subfield>
  </datafield>
  <datafield tag="980" ind1=" " ind2=" ">
    <subfield code="a">ARTICLE</subfield>
  </datafield>
</record>
</collection>